History Quiz

Random History Quiz
Score 0/15 Timer 10:00
0 Plays Today
Hint % Correct
Rome had three Punic wars with this civilization.Carthage
95.6%
Julius Caesar conquered this group of people in modern-day France.Gauls
89.6%
Julius Caesar fought to change the leadership of this civilization in the Alexandrian War.Egypt
81.5%
This civilization held Rome from 616-510 B.C., until they were driven out by Lucius Junius Brutus.Etruscans
74.8%
Julius Caesar was preparing for a campaign against this eastern civilization right before his assassination.Parthia
74.1%
This civilization's king was Mithridates, and was finally defeated in 64 B.C. by Pompey.Pontus
66.7%
According to legend King Romulus invited this group of people into Rome and then stole all of their wives.Sabines
66.7%
This empire, under Antiochus III was crushed at Magnesia in 190 B.C. to defend Pergamum.Seleucid
65.2%
Hint % Correct
This group of city states was added in 146 B.C., after the sack of Corinth.Greece
64.4%
Their king was Jugurtha when they were defeated by Marius.Numidia
63%
Rome made this civilization a province of the Republic after the battle of Pydna in 168 B.C..Macedonia
54.1%
The Romans had three wars with this group of people from 343-341, 327-304 and 298-290 B.C..Samnites
54.1%
Marius saved Rome from this other German tribe in 101 B.C..Cimbri
51.9%
Marius saved Rome from this German tribe in 102 B.C..Teutones
45.2%
This region was notorious for piracy, and was made a province in 101 B.C..Cilicia
35.6%
Come Together.
Have Fun.
All Virtual.
We all need to come together. Play Sporcle's virtual live trivia to have fun, connect with people, and get your trivia on. Join a live hosted trivia game for your favorite pub trivia experience done virtually. If a virtual private party is more your thing, go here for details.

You're not logged in!

Compare scores with friends on all Sporcle quizzes.
OR
Log In

Sporcle TV

Today on Sporcle TV


Watch our educational content, quiz creation guides, and fun videos on Sporcle TV.

Show Comments

Extras

Created Feb 19, 2011ReportNominate
Tags:Enemy, republic, Roman, Roman Republic

Top Quizzes Today


Score Distribution

Paid Content

Your Account Isn't Verified!

In order to create a playlist on Sporcle, you need to verify the email address you used during registration. Go to your Sporcle Settings to finish the process.

Report this User

Report this user for behavior that violates our Community Guidelines.

Details: